EDUCAR PARA HUMANIZAR (Registro nro. 46901)
[ vista simple ]
| 000 -LEADER | |
|---|---|
| fixed length control field | 00860nam a2200193 a 4500 |
| 001 - CONTROL NUMBER | |
| control field | 46901 |
| 005 - DATE AND TIME OF LATEST TRANSACTION | |
| control field | 20180714030640.0 |
| 008 - FIXED-LENGTH DATA ELEMENTS--GENERAL INFORMATION | |
| fixed length control field | 140415s2004 sp 000 0 spa d |
| 020 ## - INTERNATIONAL STANDARD BOOK NUMBER | |
| International Standard Book Number | 8427714793 |
| 041 ## - LANGUAGE CODE | |
| Language code of text/sound track or separate title | spa |
| 082 ## - DEWEY DECIMAL CLASSIFICATION NUMBER | |
| Classification number | 370.112 |
| Item number | PER |
| 100 1# - MAIN ENTRY--PERSONAL NAME | |
| Personal name | PEREZ ESCLARIN, ANTONIO |
| 245 10 - TITLE STATEMENT | |
| Title | EDUCAR PARA HUMANIZAR |
| 250 ## - EDITION STATEMENT | |
| Edition statement | 1a ed. |
| 260 ## - PUBLICATION, DISTRIBUTION, ETC. | |
| Place of publication, distribution, etc. | ESPAÑA : |
| Name of publisher, distributor, etc. | NARCEA, S. A. DE EDICIONES, |
| Date of publication, distribution, etc. | 2004 |
| 300 ## - PHYSICAL DESCRIPTION | |
| Extent | 180 |
| Dimensions | 13.5 x 1 x 21.3 |
| 520 ## - SUMMARY, ETC. | |
| Summary, etc. | EN EL CONTEXTO DE DESHUMANIZACIÓN Y VIOLENCUIA GENERALIZADA EN QUE VIVIMOS, EL OBEJTIVO ESENCIAL DE TODA GENUINA EDUCACIÓN NO PUEDE SER OTRO QUE RECUPERAR LA DIGNIDAD DE LAS PERSONAS Y ENSEÑAR A VIVIR HUMANAMENTE. EDUCACIÓN QUE RECUPERE LA AVENTURA APASIONANTE DE LLEGAR A SER PERSONA Y VUELVA A PONER DE MODA AL SER HUMANO. |
| 650 14 - SUBJECT ADDED ENTRY--TOPICAL TERM | |
| Topical term or geographic name entry element | DIDACTICA |
| General subdivision | EDUCACION |
| -- | FILOSOFIA DE LA EDUCACION |
| Withdrawn status | Lost status | Source of classification or shelving scheme | Damaged status | Not for loan | Collection code | Home library | Current library | Shelving location | Date acquired | Source of acquisition | Inventory number | Total Checkouts | Total Renewals | Full call number | Barcode | Date last seen | Date last checked out | Price effective from | Koha item type |
|---|---|---|---|---|---|---|---|---|---|---|---|---|---|---|---|---|---|---|---|
| Dewey Decimal Classification | General | Biblioteca Karol Wojtyla | Biblioteca Karol Wojtyla | Sala general | 03/12/2013 | Compra | 151000000000000000044105 | 3 | 1 | 370.112 PER | 70323 | 05/01/2026 | 29/04/2022 | 03/12/2013 | Libro |